Страховое право: учебное пособие

Bibliografiske detaljer
Hovedforfatter: Рассолова Т. М. Татьяна Михайловна
Summary:Рассматриваются история возникновения страхового законодательства в России, предмет, методы, принципы, система и источники страхового права, а также нормы, правоотношения и основные элементы страхового права. Характеризуются правовое регулирование видов и форм страхования, механизм правового регулирования имущественного, личного, морского и иных видов страхования. Для студентов вузов, обучающихся по специальности «Юриспруденция» и направлению «Экономика» (специализация «Страхование»), а также всех, кто интересуется страховым правом на современном этапе.
Sprog:russisk
Udgivet: Москва, ЮНИТИ-ДАНА, 2008
Fag:
Format: MixedMaterials Bog
KOHA link:https://koha.lib.tpu.ru/cgi-bin/koha/opac-detail.pl?biblionumber=149442

MARC

LEADER 00000nam0a2200000 4500
001 149442
005 20231101221426.0
010 |a 9785238014418 
035 |a (RuTPU)RU\TPU\book\162011 
090 |a 149442 
100 |a 20081216d2008 m y0rusy50 ca 
101 0 |a rus 
102 |a RU 
105 |a y j 001zy 
200 1 |a Страховое право  |e учебное пособие  |f Т. М. Рассолова 
210 |a Москва  |c ЮНИТИ-ДАНА  |d 2008 
215 |a 368 с. 
320 |a Библиогр.: с. 362-364. 
330 |a Рассматриваются история возникновения страхового законодательства в России, предмет, методы, принципы, система и источники страхового права, а также нормы, правоотношения и основные элементы страхового права. Характеризуются правовое регулирование видов и форм страхования, механизм правового регулирования имущественного, личного, морского и иных видов страхования. Для студентов вузов, обучающихся по специальности «Юриспруденция» и направлению «Экономика» (специализация «Страхование»), а также всех, кто интересуется страховым правом на современном этапе. 
606 1 |a Социальное страхование  |x Правовые основы  |2 stltpush  |3 (RuTPU)RU\TPU\subj\55684  |9 73692 
610 1 |a страхование 
610 1 |a страховое право 
610 1 |a методы 
610 1 |a нормы 
610 1 |a страховые правоотношения 
610 1 |a страховые риски 
610 1 |a страховой случай 
610 1 |a страховые выплаты 
610 1 |a страховое возмещение 
610 1 |a страховое обеспечение 
610 1 |a страховая сумма 
610 1 |a страховая премия 
610 1 |a страховые взносы 
610 1 |a страховые тарифы 
610 1 |a обязательное страхование 
610 1 |a добровольное страхование 
610 1 |a классификация 
610 1 |a страховые отношения 
610 1 |a правовое регулирование 
610 1 |a договоры 
610 1 |a имущественное страхование 
610 1 |a ОСАГО 
610 1 |a обязательное страхование гражданской ответственности 
610 1 |a транспортные средства 
610 1 |a морское страхование 
610 1 |a лицензирование 
610 1 |a учебные пособия 
686 |a Х627.6я73  |v LBC/SL-A  |2 rubbk 
700 1 |a Рассолова  |b Т. М.  |g Татьяна Михайловна 
801 1 |a RU  |b 63413507  |c 20081216  |g PSBO 
801 2 |a RU  |b 63413507  |c 20210204  |g PSBO 
900 |a Правоведение 
900 |a Страхование 
900 |a Страховое дело 
942 |c BK 
954 |a 521400  |a 521600  |b 030500  |b 030501  |b 080100 
959 |a 117/20081215  |d 1  |e 0  |f ЧЗГЛ:1 
959 |a 8/20100301  |d 4  |e 200,00  |f АНЛ:1  |f УФ:3